A reklámügynökségek és a szabadúszó munkavállalók helyzete és kapcsolata Magyarországon

Bibliográfiai részletek
Szerző: Holló Júlia
További közreműködők: Harsányi Dr. Dávid
Dokumentumtípus: Diplomadolgozat
Kulcsszavak:Reklámügynökség
Magyarország
Munkavállalók
Online Access:http://dolgozattar.uni-bge.hu/13874

MARC

LEADER 00000nta a2200000 i 4500
001 dolg13874
005 20180516105411.0
008 171211suuuu hu om 000 hun d
040 |a BGE Dolgozattár Repozitórium  |b hun 
041 |a hu 
100 1 |a Holló Júlia 
245 1 2 |a A reklámügynökségek és a szabadúszó munkavállalók helyzete és kapcsolata Magyarországon  |c Holló Júlia  |h [elektronikus dokumentum] 
695 |a Reklámügynökség 
695 |a Magyarország 
695 |a Munkavállalók 
700 1 |a Harsányi Dr. Dávid  |e ths 
856 4 0 |u http://dolgozattar.uni-bge.hu/13874/1/Holl%C3%B3_J%C3%BAlia_Szakdolgozat_2017%20%282%29.pdf  |z Dokumentum-elérés